R. Lemke - H. Rennert: Neurologie und Psychiatrie sowie Grundzüge der Neuropsychiatrie des Kindes - und Jugendalters

Bibliographic Details
Main Authors: Vichnar, Miroslav (Author), Lemke, Rudolf (Author), Rennert, H. (Author)
Format: Article
Language:Czech
Subjects:

MARC

LEADER 00000nab a2200000 a 4500
001 vtls000400789
003 SK-MaSNL
005 20260318122052.0
008 230120c1990 xo 0 cze
015 |a SNBRB19rr/mm-uuuuu 
035 |a CL0400913 
035 |a urn:nbn:sk:snk-ab2tbb 
035 |a (urnnbn)urn:nbn:sk:snk:ar-a02wrq 
035 |a (uuid)04c38dc2-2798-4c6c-8f1b-b8b014b35a31 
040 |a SNKBUCL  |b slo  |c SNKBUCL  |e AACR2 
041 0 |a cze 
044 |a xo  |c SK 
080 |a 616.8-053.2  |2 1981 
080 |a 616.89-053.2  |2 1981 
100 1 |a Vichnar, Miroslav  |4 aut  |9 923864 
245 1 0 |a R. Lemke - H. Rennert: Neurologie und Psychiatrie sowie Grundzüge der Neuropsychiatrie des Kindes - und Jugendalters  |c Miroslav Vichnar 
650 0 7 |a neurológia  |2 snkbucl  |9 908 
650 0 7 |a psychiatria  |2 snkbucl  |9 2571 
650 0 7 |a neuropsychiatria  |2 snkbucl  |9 71839 
650 0 7 |a deti  |2 snkbucl  |9 773 
650 0 7 |a mládež  |2 snkbucl  |9 1575 
655 7 |a články z novín a časopisov  |2 snkbucl  |9 267496 
700 1 |a Lemke, Rudolf  |4 aut  |9 1500983 
700 1 |a Rennert, H.  |4 aut  |9 1500984 
773 0 |t Psychológia a patopsychológia dieťaťa  |g Roč. 25, č. 3 (1990), s. 284-286 
787 0 8 |i Rec.:  |a Lemke, R.  |t Neurologie und Psychiatrie sowie Grundzüge der Neuropsychiatrie des Kindes - und Jugendalters, 1987 
850 |a Slovenská národná knižnica v Martine  |a MTA001 
852 |a SNK  |b KIS3GCP 
954 |a odborná, vedecká literatúra cudzojazyčná (svetová)  |2 lita 
958 |a RK 
958 |a MI 
958 |a OND 
958 |a EUIPO 
958 |a article2022 
992 |a RBX 
999 |c 2995665  |d 2997595